Les Premiers ministres de Belgique - Statistiques

Statistiques générales
  • Ce quiz a été pris 677 fois
    247 depuis la dernière actualisation
  • Le résultat moyen est 19 sur 74
Statistiques - réponses
Parti ou Mouvance Début de mandat Fin de mandat Noms % Correct
N-VA 3 février 2025 Actuel Bart De Wever
95%
PS 6 décembre 2011 11 octobre 2014 Elio Di Rupo
91%
MR 11 octobre 2014 27 octobre 2019 Charles Michel
90%
Open Vld 1er octobre 2020 3 février 2025 Alexander De Croo
89%
MR 27 octobre 2019 1er octobre 2020 Sophie Wilmès
86%
CD&V 20 mars 2008 30 décembre 2008 Yves Leterme
60%
CD&V 25 novembre 2009 6 décembre 2011 Yves Leterme
60%
VLD 12 juillet 1999 20 mars 2008 Guy Verhofstadt
53%
CVP 3 mars 1979 31 mars 1981 Wilfried Martens
48%
CVP 17 décembre 1981 7 mars 1992 Wilfried Martens
48%
CVP 7 mars A992 12 juillet 1999 Jean-Luc Dehaene
46%
CD&V 30 décembre 2008 25 novembre 2009 Herman Van Rompuy
43%
POB-BWP 15 mai 1938 22 février 1939 Paul-Henri Spaak
40%
PSB-BSP 13 mars 1946 31 mars 1946 Paul-Henri Spaak
40%
PSB-BSP 20 mars 1947 11 août 1949 Paul-Henri Spaak
40%
Parti libéral 12 août 1847 31 octobre 1852 Charles Rogier
32%
Parti libéral 9 novembre 1857 3 janvier 1868 Charles Rogier
32%
PSC-CVP 11 août 1949 8 juin 1950 Gaston Eyskens
32%
PSC-CVP 26 juin 1958 25 avril 1961 Gaston Eyskens
32%
PSC-CVP 17 juillet 1968 26 janvier 1973 Gaston Eyskens
32%
CVP 31 mars 1981 17 décembre 1981 Mark Eyskens
32%
PSB-BSP 26 janvier 1973 25 avril 1974 Edmond Leburton
27%
Bloc catholique 22 février 1939 12 février 1945 Hubert Pierlot
27%
CVP 25 avril 1974 20 octobre 1978 Leo Tindemans
25%
PSC-CVP 19 mars 1966 17 juillet 1968 Paul Vanden Boeynants
25%
PSC 20 octobre 1978 3 mars 1979 Paul Vanden Boeynants
25%
Parti catholique 25 mars 1935 24 novembre 1937 Paul van Zeeland
23%
Parti libéral 31 octobre 1852 30 mars 1855 Henri de Brouckère
22%
Parti libéral 3 janvier 1868 2 juillet 1870 Walthère Frère-Orban
22%
Parti libéral 19 juin 1878 16 juin 1884 Walthère Frère-Orban
22%
PSB-BSP 12 février 1945 13 févriers 1946 Achille Van Acker
21%
PSB-BSP 3 mars 1946 3 août 1946 Achille Van Acker
21%
PSB-BSP 23 avril 1954 26 juin 1958 Achille Van Acker
21%
Parti catholique 20 novembre 1920 16 décembre 1921 Henri Carton de Wiart
20%
Parti libéral 24 novembre 1937 15 mai 1938 Paul-Emile Janson
20%
Parti catholique 17 juin 1911 1er juin 1918 Charles de Broqueville
19%
Parti catholique 22 octobre 1932 20 novembre 1934 Charles de Broqueville
19%
Catholique 13 avril 1841 30 juillet 1845 Jean-Baptiste Nothomb
18%
PSC-CVP 8 juin 1950 16 août 1950 Jean Duvieusart
17%
Libéral-social 28 septembre 1830 4 novembre 1830 Louis de Potter
17%
Parti catholique 21 novembre 1918 20 novembre 1920 Léon Delacroix
16%
Parti catholique 17 juin 1925 20 mai 1926 Prosper Poullet
16%
Catholique 26 février 1831 23 mars 1831 Etienne de Gerlache
15%
PSC-CVP 16 août 1950 15 janvier 1952 Joseph Pholien
15%
Parti catholique 7 décembre 1871 21 août 1874 Barthélémy de Theux de Maylandt
14%
Catholique 4 août 1834 18 avril 1840 Barthélémy de Theux de Meylandt
14%
Catholique 31 mars 1846 12 août 1847 Barthélémy de Theux de Meylandt
14%
PSC-CVP 15 janvier 1952 23 avril 1954 Jean Van Houtte
14%
Libéral 23 mars 1831 21 juillet 1831 Joseph Lebeau
14%
Libéral 18 avril 1840 13 avril 1841 Joseph Lebeau
14%
Parti catholique 6 juin 1931 22 octobre 1932 Jules Renkin
14%
PSC-CVP 25 avril 1961 28 juillet 1965 Théo Lefèvre
14%
Parti catholique 13 mai 1925 17 juin 1925 Aloys Van de Vyvere
13%
Parti catholique 20 mai 1926 6 juin 1931 Henri Jaspar
13%
Parti catholique 2 mai 1907 31 décembre 1907 Jules de Trooz
13%
PSC-CVP 28 juillet 1965 19 mars 1966 Pierre Harmel
13%
PSB-BSP 3 août 1946 20 mars 1947 Camille Huysmans
12%
Parti catholique 16 décembre 1921 13 mai 1925 Georges Theunis
12%
Parti catholique 20 novembre 1934 25 mars 1935 Georges Theunis
12%
Parti catholique 21 août 1874 19 juin 1878 Jules Malou
12%
Parti catholique 16 juin 1884 26 octobre 1884 Jules Malou
12%
Catholique 30 mars 1855 9 novembre 1857 Pierre de Decker
12%
Libéral-social 5 novembre 1830 26 février 1831 Sylvain Van de Weyer
12%
Libéral 30 juillet 1845 31 mars 1846 Sylvain Van de Weyer
12%
Libéral 20 octobre 1832 4 août 1834 Albert Goblet d'Alviella
11%
Catholique 26 juillet 1831 17 septembre 1832 Félix de Mûelenaere
11%
Parti catholique 26 mars 1894 25 février 1896 Jules de Burlet
11%
Parti catholique 2 juillet 1870 7 décembre 1871 Jules Joseph d'Anethan
11%
Parti catholique 25 février 1896 24 janvier 1899 Paul de Smet de Naeyer
11%
Parti catholique 5 août 1899 2 mai 1907 Paul de Smet de Naeyer
11%
Parti catholique 26 octobre 1884 26 mars 1894 Auguste Beernaert
10%
Parti catholique 24 janvier 1899 5 août 1899 Jules Vandenpeereboom
10%
Parti catholique 9 janvier 1908 17 juin 1911 Frans Schollaert
8%
Parti catholique 1er juin 1918 21 novembre 1918 Gérard Cooreman
8%
Aucun quiz correspondant
Distribution des résultats
% des personnes avec chaque résultat
Percentile par nombre de réponses
Votre historique - résultats
Vous n’avez pas pris ce quiz depuis la dernière actualisation